000 00365pab a2200145 454500
008 180718b2017 xxu||||| |||| 00| 0 eng d
100 _aSahoo, Prasanta
245 _aBorders: the main barrier to South Asian integration
260 _c2017
300 _ap.80-96.
362 _aJul-Sep
650 _aBorder disputes
773 _aWorld Affairs
909 _a116348
999 _c116342
_d116342